| 000 -LEADER |
| fixed length control field |
00957cam a22002534a 4500 |
| 001 - CONTROL NUMBER |
| control field |
4750 |
| 003 - CONTROL NUMBER IDENTIFIER |
| control field |
BD-DhUAP |
| 005 - DATE AND TIME OF LATEST TRANSACTION |
| control field |
20200219124657.0 |
| 008 - FIXED-LENGTH DATA ELEMENTS--GENERAL INFORMATION |
| fixed length control field |
001221s2001 dcua b 000 0 eng |
| 020 ## - INTERNATIONAL STANDARD BOOK NUMBER |
| International Standard Book Number |
0821349198 |
| 040 ## - CATALOGING SOURCE |
| Original cataloging agency |
DLC |
| Transcribing agency |
DLC |
| Modifying agency |
BD-DhUAP |
| 082 00 - DEWEY DECIMAL CLASSIFICATION NUMBER |
| Classification number |
388.091724 LEB |
| Edition number |
23 |
| 100 1# - MAIN ENTRY--PERSONAL NAME |
| Personal name |
Lebo, Jerry. |
| 245 10 - TITLE STATEMENT |
| Title |
Design and appraisal of rural transport infrastructure : |
| Remainder of title |
ensuring basic access for rural communities / |
| Statement of responsibility, etc. |
Jerry Lebo and Dieter Schelling. |
| 260 ## - PUBLICATION, DISTRIBUTION, ETC. |
| Place of publication, distribution, etc. |
Washington, D.C. : |
| Name of publisher, distributor, etc. |
World Bank, |
| Date of publication, distribution, etc. |
c2001. |
| 300 ## - PHYSICAL DESCRIPTION |
| Extent |
vii, 96 pages : |
| Other physical details |
illustrations ; |
| Dimensions |
28 cm. |
| 490 ## - SERIES STATEMENT |
| Series statement |
World Bank technical paper, |
| Volume/sequential designation |
no. 496 |
| 504 ## - BIBLIOGRAPHY, ETC. NOTE |
| Bibliography, etc. note |
Includes bibliographical references. |
| 650 #0 - SUBJECT ADDED ENTRY--TOPICAL TERM |
| Topical term or geographic name entry element |
Rural transportation |
| Geographic subdivision |
Developing countries |
| General subdivision |
Design and construction. |
| 650 #0 - SUBJECT ADDED ENTRY--TOPICAL TERM |
| Topical term or geographic name entry element |
Rural transportation |
| Geographic subdivision |
Developing countries |
| General subdivision |
Finance. |
| 650 #0 - SUBJECT ADDED ENTRY--TOPICAL TERM |
| Topical term or geographic name entry element |
Rural transit |
| General subdivision |
Government policy |
| Geographic subdivision |
Developing countries. |
| 700 1# - ADDED ENTRY--PERSONAL NAME |
| Personal name |
Schelling, Dieter. |
| 942 ## - ADDED ENTRY ELEMENTS (KOHA) |
| Source of classification or shelving scheme |
|
| Koha item type |
Book |